00704cam a22002531 4500001001300000003000400013005001700017008004100034010001700075025001900092035001900111040001900130042001200149043001200161050002200173110005300195245004600248250001300294260004500307300002800352500001700380650003600397999001700433sa 64001550 DLC20260227112003.0810922s1962 ii a s f000 0 eng  asa 64001550  aPL480:I-E-2475 a(OCoLC)7783729 aDLCcMnSUdDLC apremarc aa-ii---00aHD2071b.A57 19621 aIndia.bDirectorate of Economics and Statistics.10aGuide to current agricultural statistics. aRev. ed. a[Delhi,bManager of Publications,c1962] a147 p.btables.c24 cm. aCover title. 0aAgriculturezIndiavStatistics. c56798d56798